| 000 | 00778nam a2200253 a 4500 | ||
|---|---|---|---|
| 001 | 73621 | ||
| 003 | BD-RjUL | ||
| 005 | 20211209082423.0 | ||
| 008 | 170605s19711966at abf 001 0 eng d | ||
| 035 | _a(BD-RjUL)73839 | ||
| 040 |
_aDLC/ICU _cICU _dBD-RjUL _beng |
||
| 041 | _aeng | ||
| 082 | 0 | 0 |
_a639.0994 _223 _bROF 1971 |
| 100 | 1 |
_aRoughley, T. C. _q(Theodore Cleveland), _d1889- _971288 |
|
| 245 | 1 | 0 |
_aFish and fisheries of Australia / _cby T.C. Roughley. |
| 250 | _aRevised ed. | ||
| 260 |
_aSydney ; _aLondon : _bAngus and Robertson, _c1966 [reprinting 1971]. |
||
| 300 |
_axv, 328 p. : _bill. ; _c26 cm. |
||
| 500 | _aIncludes index | ||
| 650 | 0 |
_aFisheries _zAustralia. _9217891 |
|
| 650 | 0 |
_aFishes _zAustralia. _9217892 |
|
| 942 |
_2ddc _cBK |
||
| 999 |
_c73621 _d73621 |
||